Pintér József
Elmentve itt :
| Dokumentumtípus: | Cikk |
|---|---|
| Megjelent: |
2002-04-29
|
| Sorozat: | Délmagyarország
91 No. 99 |
| Kulcsszavak: | Pintér József 1922-2002, Szeged, Képzőművészet festő Szeged, Gyászközlemény Szeged |
| Online Access: | http://dmarchiv.bibl.u-szeged.hu/131757 |
| LEADER | 00464nab a2200145 i 4500 | ||
|---|---|---|---|
| 001 | delm131757 | ||
| 005 | 20191118112039.0 | ||
| 008 | 191118s2002 hu o 0|| hun d | ||
| 040 | |a SZTE Délmagyarország Archívum |b hun | ||
| 041 | |a hun | ||
| 245 | 0 | 0 | |a Pintér József |h [elektronikus dokumentum] |
| 260 | |c 2002-04-29 | ||
| 300 | |a 15 | ||
| 490 | 0 | |a Délmagyarország |v 91 No. 99 | |
| 695 | |a Pintér József 1922-2002, Szeged, Képzőművészet festő Szeged, Gyászközlemény Szeged | ||